| 000 | 00845nam a2200265Ia 4500 | ||
|---|---|---|---|
| 003 | GCL | ||
| 008 | 140319s9999 xx 000 0 ara d | ||
| 020 | _a2003722977 | ||
| 040 |
_aGCL / _cGCL |
||
| 082 | 0 | 4 |
_aق _b932 _bع و |
| 100 | 1 | _aزهير الشايب | |
| 245 | 1 | 0 |
_aوصف مصر : _bالمصريون المحدثون / _cزهير الشايب |
| 700 | 1 | _aعلماء الحملة الفرنسية | |
| 260 |
_a[S.N] : _bدار الشايب ، _c1992 |
||
| 300 |
_a413 ص ؛ _c24 سم |
||
| 490 |
_aوصف مصر _v1 |
||
| 650 | 0 | 4 | _aالزراعة - مصر |
| 650 | 0 | 4 | _aمصر - العادات والتقاليد |
| 650 | 0 | 4 | _aالصناعة - مصر |
| 650 | 0 | 4 | _aمصر - السكان |
| 650 | 0 | 4 | _aالتجارة - مصر |
| 650 | 0 | 4 | _aمصر - الطقس |
| 650 | 0 | 4 | _aالانسان المصرى |
| 942 |
_2ddc _cBK |
||
| 999 |
_c33951 _d33951 |
||